000 01392nam a22004097a 4500
003 CHAP
005 20221025112650.0
008 971013s r 00010 d
010 _a57725
011 _a58697
035 _a62853
040 _cCHAP
090 _aTesis
100 0 0 _aAlba Becerra, Ramiro de.
_93411
245 _aEstudio de algunos factores edáficos que limitan el desarrollo del arroz Oryza sativa L. en suelos de Ak'alche (a querts) /
_cpor Ramiro de Alba Becerra
260 _aChapingo, Méx. :
_bEl autor,
_c1981
300 _a122 h.
502 _aTesis (M. C. Esp. en Suelos) -- Colegio de Postgraduados. Centro de Edafología
590 _aALEPH
_b10
_c20130110
590 _aBATCH-UPD
_b10
_c20130110
590 _aBATCH-UPD
_b10
_c20130110
590 _aBATCH-UPD
_b10
_c20130409
590 _aBATCH-UPD
_b10
_c20130913
590 _aCONVERSION
_b10
_c20130109
650 1 4 _aArroz
_xAgua requerida.
_97556
650 1 4 _aArroz
_xQuintana Roo.
_97650
650 1 4 _aFertilizantes
_xEfecto en arroz.
_940479
650 1 4 _aSuelos arcillosos.
_9110534
650 1 4 _aSuelos arroceros.
_9110536
650 1 4 _aSuelos
_xHumedad.
_9110391
650 1 4 _aSuelos
_xNitrógeno en.
_9110451
650 1 4 _aSuelos
_xPotasio en.
_9110462
901 _aBK
942 _cFOLL
_2ddc
949 _bBC
_cTES
_d-134757
_eTS1
_i62853
_si
949 _bBC
_cTES
_d-134758
_eTS2
_fc.2
_i62853
_si
999 _c57725
_d57725